00443nam a22001337a 450000500170000000800410001704100130005808200120007110000130008324500850009626000710018130000310025265000260028320231123074551.0231123b |||||||| |||| 00| 0 eng d aEnglish  a342 CON lEnglish  aConstitutionalism and Constitution of India / cedited by OP Sharma and TP Singh aNew Delhi : bThe office of the Bar Council of India Trust, c1997 bvi, 274 pages ; c25,3 cm. aLegal practice bLaw